Normal view
MARC view
- Carre , Meyrick H
Entry Personal Name
001 - CONTROL NUMBER
- control field: 104275
003 - CONTROL NUMBER IDENTIFIER
- control field: NUST
005 - DATE AND TIME OF LATEST TRANSACTION
- control field: 20221206140905.0
008 - FIXED-LENGTH DATA ELEMENTS
- fixed length control field: 221206|| aca||aabn | a|a d
040 ## - CATALOGING SOURCE
- Original cataloging agency: NUST
- Transcribing agency: NUST
100 ## - HEADING--PERSONAL NAME
- Personal name: Carre , Meyrick H
670 ## - SOURCE DATA FOUND
- Source citation: Work cat.: (NUST)193813: Carre , Meyrick H. , Does It Follow /, 1945
